[Event "Hoogeveen op 22nd"]
[Site "Hoogeveen"]
[Date "2018.10.25"]
[Round "7"]
[White "Shakhverdian, William"]
[Black "Achuthan, Dylan"]
[Result "1-0"]
[WhiteElo "1903"]
[BlackElo "1751"]
[PlyCount "168"]
[EventDate "2018.10.20"]
[EventType "swiss"]
[EventRounds "9"]
[EventCountry "NED"]
[SourceTitle "CBM 187 Extra"]
[Source "ChessBase"]
[SourceDate "2018.11.04"]
[SourceVersion "1"]
[SourceVersionDate "2018.11.04"]
[SourceQuality "1"]

1. d4 Nf6 2. c4 g6 3. Nc3 d5 4. cxd5 Nxd5 5. e4 Nxc3 6. bxc3 Bg7 7. Be3 c5 8. Qd2 0-0 9. Nf3 cxd4 10. cxd4 Nc6 11. h3 b6 12. Rc1 Bb7 13. d5 Ne5 14. Nxe5 Bxe5 15. Bc4 Rc8 16. 0-0 Qd7 17. f4 Bg7 18. Bb3 Ba6 19. Rxc8 Rxc8 20. Rc1 Kf8 21. Rxc8+ Qxc8 22. d6 Qd7 23. dxe7+ Qxe7 24. e5 Bc8 25. a4 Kg8 26. a5 Be6 27. Bxe6 Qxe6 28. axb6 axb6 29. Qd8+ Bf8 30. Bxb6 Qe7 31. Qd4 Qb4 32. Qf2 Qb1+ 33. Kh2 Qe4 34. Qh4 Qf5 35. Qf2 h5 36. Qf3 Bh6 37. Be3 Qc2 38. Qd5 Qf5 39. Qf3 Qc2 40. Kg3 Qf5 41. Bd2 Qc2 42. Qe3 Qf5 43. Kh2 Kh7 44. g3 Kg8 45. Qd4 Qc2 46. g4 hxg4 47. hxg4 Qd1 48. Kg3 Qb3+ 49. Bc3 Bg7 50. f5 gxf5 51. gxf5 Qc2 52. f6 Qg6+ 53. Qg4 Qxg4+ 54. Kxg4 Bf8 55. Kf5 Ba3 56. e6 fxe6+ 57. Kxe6 Bf8 58. f7+ Kh7 59. Kd7 Bh6 60. Ke8 Kg6 61. Be5 Kf5 62. Bd6 Ke6 63. Bf8 Be3 64. Ba3 Bh6 65. Bb2 Kd6 66. Bc1 Bg7 67. Bg5 Ke6 68. Be7 Bh6 69. Bf8 Be3 70. Bd6 Bh6 71. Bb4 Bg7 72. Bc3 Bh6 73. Bb2 Kd6 74. Bc1 Bg7 75. Be3 Ke6 76. Bg5 Kd6 77. Be7+ Ke6 78. Bf8 Bd4 79. Bh6 Bc5 80. Be3 Bb4 81. Bd2 Bc5 82. Bh6 Bb4 83. Bf8 Bd2 84. Bb4 Bxb4 1-0

[Event "Hoogeveen op 22nd"]
[Site "Hoogeveen"]
[Date "2018.10.22"]
[Round "4"]
[White "Biermann, Lenhard"]
[Black "Shakhverdian, William"]
[Result "1/2-1/2"]
[WhiteElo "2153"]
[BlackElo "1903"]
[PlyCount "84"]
[EventDate "2018.10.20"]
[EventType "swiss"]
[EventRounds "9"]
[EventCountry "NED"]
[SourceTitle "CBM 187 Extra"]
[Source "ChessBase"]
[SourceDate "2018.11.04"]
[SourceVersion "1"]
[SourceVersionDate "2018.11.04"]
[SourceQuality "1"]

1. d4 Nf6 2. Nf3 g6 3. g3 Bg7 4. Bg2 0-0 5. 0-0 d6 6. a4 a5 7. c3 c6 8. Nbd2 Nbd7 9. e4 e5 10. Qc2 Qc7 11. b3 d5 12. exd5 Nxd5 13. Bb2 exd4 14. Nxd4 N7f6 15. Nc4 Re8 16. Ba3 Bf8 17. Bxf8 Kxf8 18. Rfe1 Bd7 19. Nd2 Rxe1+ 20. Rxe1 Re8 21. Rxe8+ Bxe8 22. c4 Nb4 23. Qc3 Qe7 24. N4f3 c5 25. Ng5 Qe1+ 26. Bf1 Ng4 27. Nge4 Nc6 28. Qh8+ Ke7 29. h3 Nge5 30. Qf6+ Kf8 31. Ng5 Nd7 32. Qf4 Kg7 33. Ndf3 Qa1 34. Qe3 Nce5 35. Kg2 h6 36. Ne4 Nxf3 37. Qxf3 Qe5 38. Kh2 Nf6 39. Nxf6 Qxf6 40. Qe3 Bc6 41. Bg2 Bxg2 42. Kxg2 b6 1/2-1/2